000 00403nam a22001577a 4500
003 OSt
005 20211129093056.0
008 211129b |||||||| |||| 00| 0 eng d
020 _a8126124393
040 _cHU
100 _aS. SRIKANTA SWAMY
_920869
245 _aMANAGEMENT STRATEGIES FOR DEVELOPING CRITICAL THINKING SKILLS
260 _aINDIA
_bHALL
_c2005
300 _a183
942 _cBOOKS
_2ddc
_n0
999 _c20472
_d20472